Paroles - Rêver j'en ai l'habitude - Molière l'opéra urbain - Statistiques

Statistiques générales
  • Ce quiz a été pris 23 fois
  • Le résultat moyen est 264 sur 322
Statistiques - réponses
Réponse % Correct
à
100%
ai
100%
c'
100%
d'
100%
habitude
100%
je
100%
Je
100%
l'
100%
m'
100%
ma
100%
Ma
100%
rêver
100%
Rêver
100%
ce
93%
j'en
93%
J'en
93%
mais
93%
Mais
93%
n'
93%
pour
93%
Pour
93%
altitude
86%
attitude
86%
autres
86%
changer
86%
comme
86%
de
86%
il
86%
la
86%
le
86%
Les
86%
les
86%
Pas
86%
pas
86%
si
86%
solitude
86%
dans
79%
Dans
79%
des
79%
est
79%
évader
79%
faut
79%
faute
79%
ils
79%
ont
79%
qui
79%
sont
79%
tout
79%
Accroché
71%
ça
71%
celui
71%
en
71%
et
71%
eux
71%
faire
71%
faux
71%
gens
71%
heureux
71%
lassitude
71%
leur
71%
plus
71%
qu'il
71%
sonne
71%
veut
71%
veux
71%
yeux
71%
incertitudes
64%
latitudes
64%
moi
64%
peau
64%
suis
64%
tous
64%
costumes
57%
derrière
57%
essayer
57%
J'fais
57%
j'fais
57%
joue
57%
jouer
57%
j'suis
57%
libérer
57%
Loin
57%
lumière
57%
me
57%
monde
57%
Oui
57%
plaire
57%
rideau
57%
roles
57%
toujours
57%
assurance
50%
bonne
50%
droles
50%
m'évader
50%
ronde
50%
sous
50%
Terre
50%
tête
50%
Vivre
50%
vivre
50%
comédie
43%
cour
43%
dois
43%
enivrer
43%
fait
43%
histoires
43%
insolence
43%
invente
43%
mieux
43%
coeur
36%
Coté
36%
coté
36%
humaine
36%
j'sais
36%
mettre
36%
noir
36%
scène
36%
j'avoue
29%
sombres
29%
Aucun quiz correspondant
Distribution des résultats
% des personnes avec chaque résultat
Percentile par nombre de réponses
Votre historique - résultats
Vous n’avez pas pris ce quiz